|
|
|
|
| LEADER |
01282nam a2200349Ia 4500 |
| 001 |
EBC1606936 |
| 003 |
MiAaPQ |
| 005 |
20200520144314.0 |
| 006 |
m o d | |
| 007 |
cr cn||||||||| |
| 008 |
111102s2012 dcua sb 000 0 eng d |
| 020 |
|
|
|z 9781475505542
|
| 020 |
|
|
|z 9781475539240
|
| 035 |
|
|
|a (MiAaPQ)EBC1606936
|
| 035 |
|
|
|a (Au-PeEL)EBL1606936
|
| 035 |
|
|
|a (CaPaEBR)ebr10627044
|
| 035 |
|
|
|a (OCoLC)805985260
|
| 040 |
|
|
|a MiAaPQ
|c MiAaPQ
|d MiAaPQ
|
| 050 |
|
4 |
|a HC79.F55
|b A56 2012
|
| 100 |
1 |
|
|a Annen, Kurt,
|d 1967-
|
| 245 |
1 |
0 |
|a Donor competition for aid impact, and aid fragmentation
|h [electronic resource] /
|c oprepared by Kurt Annen and Luc Moers.
|
| 260 |
|
|
|a Washington, DC :
|b International Monetary Fund,
|c 2012.
|
| 300 |
|
|
|a 36 p. :
|b ill.
|
| 490 |
0 |
|
|a IMF working paper ;
|v 12/204
|
| 504 |
|
|
|a Includes bibliographical references.
|
| 533 |
|
|
|a Electronic reproduction. Ann Arbor, MI : ProQuest, 2015. Available via World Wide Web. Access may be limited to ProQuest affiliated libraries.
|
| 650 |
|
0 |
|a Economic assistance.
|
| 650 |
|
0 |
|a Flow of funds.
|
| 655 |
|
4 |
|a Electronic books.
|
| 700 |
1 |
|
|a Moers, Luc.
|
| 710 |
2 |
|
|a ProQuest (Firm)
|
| 856 |
4 |
0 |
|u https://ebookcentral.proquest.com/lib/matrademy/detail.action?docID=1606936
|z Click to View
|